| 000 | 00563nam a22001697a 4500 | ||
|---|---|---|---|
| 005 | 20260514095423.0 | ||
| 008 | 260514b |||||||| |||| 00| 0 eng d | ||
| 020 | _a9781041051749 | ||
| 041 | _aEng | ||
| 082 | _a362.10285 LAW | ||
| 100 | _a Lawry, Tom | ||
| 245 | _aAI in Health : A Leader's guide to winning in the new age of intelligent health systems | ||
| 260 |
_aBoca Raton _bCRC Press/Taylor & Francis Group _c2020 |
||
| 300 | _a203;. P. 24 cm | ||
| 650 | _aArtificial Intelligence; Delivery of Health Care--organization & administration | ||
| 942 | _cBK | ||
| 999 |
_c46577 _d46577 |
||